| 000 | 00617nam a2200193 a 4500 | ||
|---|---|---|---|
| 001 | 000034792 | ||
| 005 | 20200930073916.0 | ||
| 008 | 111019s1971 fr b 000 0 spa d | ||
| 040 |
_aDO-SdBNP _bspa _cBNPHU |
||
| 082 |
_axxx _bT454 |
||
| 100 | 1 |
_aThomas, Hugh _960289 |
|
| 240 | 1 | 3 |
_aThe spanish civil war _lEspañol |
| 245 | 1 | 3 |
_aLa guerre d´ Espagne / _cHugh Thomas ; traducteur Jacques Brousse et Lucien Hess. |
| 260 |
_aFrancia : _bRobert Laffont, _c1971. |
||
| 300 |
_av. : _bmap. ; _c17 cm. |
||
| 500 | _aTraducido del inglés | ||
| 700 | 1 |
_aBrousse, Jacques, _etr. _960290 |
|
| 700 | 1 |
_aHess, Lucien, _etr. _960291 |
|
| 999 |
_c34283 _d34283 |
||